Prefix Click Quiz: F - Statistics

General Stats
  • This quiz has been taken 134 times
  • The average score is 12 of 15
Answer Stats
Hint Answer % Correct
Cat Fel-
96%
Bend Flex-
90%
Brother Frater-
90%
Flower Flor-
89%
Shape Form-
88%
Fruit Fruct-
88%
Cold Frig-
87%
Iron Ferr-
83%
Break Frag-
83%
Flow Flux-
80%
Leaf Foli-
80%
Window Fenestr-
78%
Smoke Fum-
76%
Make Fac-
66%
Yellow Flav-
52%
No matching quizzes found
Score Distribution
Percent of People with Each Score
Percentile by Number Answered
Your Score History
You have not taken this quiz